| 000 | 00447nam a22001337a 4500 | ||
|---|---|---|---|
| 008 | 160816b xxu||||| |||| 00| 0 eng d | ||
| 050 | _aBX2265.2.K82 | ||
| 100 |
_aKonstant, David and Dodgson, Dolores _925039 |
||
| 245 |
_aForgiveness _b: the sacrament of penance today _c/ David Konstant and Dolores Dodgson |
||
| 260 |
_aGreat Wakering _bMayhew-McCrimmon _c1976 |
||
| 300 |
_a96p.; _c18cm. |
||
| 650 |
_aconfesion _925040 |
||
| 942 |
_2lcc _cMONOGRAPH |
||
| 999 |
_c125004 _d125004 |
||